| 000 | 00534nam a2200157 4500 | ||
|---|---|---|---|
| 001 | 132449 | ||
| 003 | ES-MaACL | ||
| 005 | 20230906194159.0 | ||
| 007 | t| | ||
| 008 | 070214s1904 sp r ||||1| spa d | ||
| 100 | 1 |
_aRomero Landa, Gabriel Arturo. _999401 |
|
| 245 | 1 | 3 |
_aLa fórmula de la regeneración farmacéutica _b: conferencias dadas en el Colegio de Farmacia de Madrid / _cGabriel A. Romero Landa. |
| 260 |
_aMadrid : _bApalategui, _c1904. |
||
| 710 | 2 |
_aColegio de Farmacia de Madrid. _92907 |
|
| 852 |
_aES-MaACL _jT-1050-F-1 |
||
| 999 |
_c132449 _d132449 |
||